书目信息 |
| 题名: |
控制论·信息论·系统论与现代管理
|
|
| 作者: | 张文焕 编著 | |
| 分册: | ||
| 出版信息: | 北京 北京出版社 1990.9 |
|
| 页数: | 291页 | |
| 开本: | 19厘米 | |
| 丛书名: | ||
| 单 册: | ||
| 中图分类: | B08 | |
| 科图分类: | 29.154 | |
| 主题词: | 控制论-应用-管理学 , 管理学-控制论-应用 , 信息论-应用-管理学 , 管理学-信息论-应用 , 系统理论-应用-管理学 , 管理学-系统理论-应用 , 哲学学派 , 哲学学派--研究 | |
| 电子资源: | ||
| ISBN: | 7-200-01036-7 | |
| 000 | 01070nam 2200325 45 | |
| 001 | 1541623962 | |
| 005 | 20150126113414.90 | |
| 010 | @a7-200-01036-7@dCNY4.20 | |
| 100 | @a19910110d1990 km y0chiy0121 ea | |
| 101 | 0 | @achi |
| 102 | @aCN@b110000 | |
| 105 | @ay z 000yy | |
| 200 | 10 | @a控制论·信息论·系统论与现代管理@AKONG ZHI LUN XIN XI LUN XI TONG LUN YU XIAN DAI GUAN LI@f张文焕等编著@FZHANG WEN HUAN DENG BIAN ZHU |
| 210 | @a北京@c北京出版社@d1990.9 | |
| 215 | @a291页@d19厘米 | |
| 330 | @a本书详细介绍了“三论”与现代管理中的基本概念、原理和方法,并为把这些概论、原理和方法应用于管理实践中从理论和实践上作了深入探讨。 | |
| 540 | 1 | @a管理@AGUAN LI |
| 606 | @a控制论-应用-管理学 | |
| 606 | @a管理学-控制论-应用 | |
| 606 | @a信息论-应用-管理学 | |
| 606 | @a管理学-信息论-应用 | |
| 606 | @a系统理论-应用-管理学 | |
| 606 | @a管理学-系统理论-应用 | |
| 606 | 0 | @a哲学学派 |
| 606 | 0 | @a哲学学派@x研究 |
| 690 | @aB08@v4 | |
| 692 | @a29.154 | |
| 701 | 0 | @a张文焕@AZHANG WEN HUAN@4编著 |
| 801 | 0 | @aCN@bTSSF@c20150126 |
| 905 | @aZUCC@dB08@eJY5 | |
| 控制论·信息论·系统论与现代管理/张文焕等编著.-北京:北京出版社,1990.9 |
| 291页;19厘米 |
| ISBN 7-200-01036-7:CNY4.20 |
| 本书详细介绍了“三论”与现代管理中的基本概念、原理和方法,并为把这些概论、原理和方法应用于管理实践中从理论和实践上作了深入探讨。 |
| ● |
| 相关链接 |
|
|
|
|
正题名:控制论·信息论·系统论与现代管理
索取号:B08/JY5
 
预约/预借
| 序号 | 登录号 | 条形码 | 馆藏地/架位号 | 状态 | 备注 |
| 1 | 7858655 | 278586558 | 学院路分馆/ [索取号:B08/JY5] | 在馆 | |
| 2 | 7858656 | 278586567 | 学院路分馆/ [索取号:B08/JY5] | 在馆 |